[Event "IEWCC"]
[Site "Istanbul TUR"]
[Date "2003.06.07"]
[Round "5"]
[White "Pokorna,Reg"]
[Black "Medic,Mir"]
[Result "1/2-1/2"]
[WhiteElo "2418"]
[BlackElo "2290"]
[EventDate "2003.06.02"]

1. e4 e6 2. d4 d5 3. Nd2 c5 4. exd5 exd5 5. Ngf3 Nf6 6. Bb5+ Bd7 7. Qe2+
Be7 8. dxc5 O-O 9. O-O Bxc5 10. Nb3 Re8 11. Qd3 Bb6 12. Bg5 Bxb5 13. Qxb5
Qd7 14. Qd3 Ne4 15. Rad1 Nc6 16. Qxd5 Qxd5 17. Rxd5 Nb4 18. Rd7 Nxc2 19.
Be7 a5 20. a3 a4 21. Nfd2 Nxd2 22. Nxd2 Rac8 23. Rxb7 Bc7 24. Bh4 Bf4 25.
Rd7 Be5 26. Rb1 h6 27. Nf3 Rb8 28. Nxe5 Rxe5 29. Rd8+ Rxd8 30. Bxd8 Rb5 31.
Be7 Rb7 32. Bd6 Rb6 33. Bc5 Rb5 34. Bd6 Rb6 35. Be7 Rb7 36. Bd6 Rb6 37. Bc7
Rb7 38. Bd6 1/2-1/2

[Event "IEWCC"]
[Site "Istanbul TUR"]
[Date "2003.06.07"]
[Round "5"]
[White "Galojan,L"]
[Black "Houska,Jo"]
[Result "1-0"]
[WhiteElo "2242"]
[BlackElo "2386"]
[EventDate "2003.06.02"]

1. d4 d5 2. c4 c6 3. Nf3 Nf6 4. e3 Bf5 5. Nc3 e6 6. Nh4 Bg6 7. Nxg6 hxg6 8.
g3 Bd6 9. Bg2 Nbd7 10. O-O dxc4 11. Qe2 Nb6 12. Rd1 Nfd5 13. e4 Nxc3 14.
bxc3 O-O 15. h4 Qe7 16. a4 e5 17. a5 Nd7 18. Qxc4 c5 19. Bg5 Qe8 20. dxc5
Be7 21. c6 bxc6 22. Qxc6 Nc5 23. Qc7 f6 24. Be3 Rc8 25. Qxa7 Ra8 26. Qb6
Rb8 27. Bxc5 Rxb6 28. Bxb6 Qc6 29. Be3 Ra8 30. Bf1 f5 31. a6 f4 32. gxf4
exf4 33. Bxf4 Bc5 34. Bg3 Qf6 35. e5 Qf3 36. Rd3 Qf5 37. Rd5 Ba7 38. Bg2
Rf8 39. Rf1 Qc8 40. Rd6 Qxc3 41. Rxg6 Qd3 42. h5 Kh7 43. e6 Qe2 44. Bb7 Rf5
45. Kg2 Rxh5 46. Bf3 Qd3 47. Bxh5 Qe4+ 48. Kg1 Kg8 49. Rg5 Qxe6 50. Ra5 Qf6
51. Kg2 Qc3 52. Rfa1 Qb2 53. R1a2 Qb1 54. Bf3 Qb4 55. Rf5 Kh7 56. Rg5 Qe7
57. Rg4 Qe6 58. Ra5 g6 59. Rb4 Qe1 60. Rb7+ Kh6 61. Bf4+ g5 62. Bxg5+ Kg6
63. Bh5+ 1-0

[Event "IEWCC"]
[Site "Istanbul TUR"]
[Date "2003.06.07"]
[Round "5"]
[White "Kononenko,T"]
[Black "Sharevich,A"]
[Result "1/2-1/2"]
[WhiteElo "2370"]
[BlackElo "2252"]
[EventDate "2003.06.02"]

1. d4 d5 2. c4 e6 3. Nc3 Be7 4. cxd5 exd5 5. Nf3 Nf6 6. Bg5 O-O 7. Qc2 h6
8. Bh4 Be6 9. e3 b6 10. O-O-O c6 11. Ne5 Nfd7 12. Bxe7 Qxe7 13. Nf3 Nf6 14.
h3 Nbd7 15. g4 Ne4 16. Ne5 Nxe5 17. dxe5 f5 18. exf6 Qxf6 19. Nxe4 dxe4 20.
Bc4 b5 21. Bxe6+ Qxe6 22. Kb1 Rad8 23. Rxd8 Rxd8 24. Rc1 1/2-1/2

[Event "IEWCC"]
[Site "Istanbul TUR"]
[Date "2003.06.07"]
[Round "5"]
[White "Agababean,N"]
[Black "Dergatschova Daus,A"]
[Result "1-0"]
[WhiteElo "2319"]
[BlackElo "2250"]
[EventDate "2003.06.02"]

1. d4 d5 2. Nf3 c6 3. g3 Bg4 4. Bg2 e6 5. O-O Bd6 6. Nbd2 f5 7. c4 Nd7 8.
Ne1 Qf6 9. Nb3 Ne7 10. c5 Bc7 11. f3 Bh5 12. f4 h6 13. Nd3 g5 14. Ne5 gxf4
15. Nxd7 Kxd7 16. Bxf4 Bxf4 17. Rxf4 Qg5 18. Qd2 Ng6 19. Qb4 Rab8 20. Rf2
f4 21. Qc3 Rhf8 22. Raf1 Rf5 23. Nd2 Rbf8 24. b4 fxg3 25. hxg3 Ne7 26. e4
Rxf2 27. Rxf2 Rg8 28. Nf1 Bg6 29. exd5 cxd5 30. b5 h5 31. Qa5 Ra8 32. c6+
bxc6 33. Qa6 Rc8 34. Qxa7+ Kd6 35. b6 Bd3 36. b7 Bxf1 37. bxc8=N+ Nxc8 38.
Qb8+ Kd7 39. Qb7+ Kd6 40. Qb4+ Kd7 41. Rf7+ Ne7 42. Rxe7+ Qxe7 43. Qxe7+
Kxe7 44. Kxf1 Kd6 45. Bf3 e5 46. dxe5+ Kxe5 47. Bxh5 c5 48. Bf3 d4 49. Ke2
c4 50. Kd2 Kd6 51. a4 Kc5 52. Be2 c3+ 53. Kc2 Kb4 54. g4 Kxa4 55. g5 1-0

[Event "IEWCC"]
[Site "Istanbul TUR"]
[Date "2003.06.07"]
[Round "5"]
[White "Kouvatsou,M"]
[Black "Chasovnikova,E"]
[Result "0-1"]
[WhiteElo "2233"]
[BlackElo "2319"]
[EventDate "2003.06.02"]

1. e4 c5 2. c3 d6 3. d4 Nf6 4. Bd3 g6 5. Nf3 Bg7 6. O-O O-O 7. h3 d5 8.
exd5 cxd4 9. cxd4 Nxd5 10. Nc3 Nc6 11. Be4 Be6 12. Bg5 Nxc3 13. bxc3 Bd5
14. Qe2 Qa5 15. Rab1 e6 16. c4 Bxe4 17. Qxe4 h6 18. Bf4 Qa6 19. d5 Na5 20.
dxe6 Qxe6 21. Qxe6 fxe6 22. Bc7 Nxc4 23. Rxb7 Rf7 24. Rfb1 a5 25. Bg3 Ra7
26. Rb8+ Kh7 27. Re8 Nb2 28. Be5 Nd3 29. Bxg7 Kxg7 30. Rbb8 Rab7 31. Rg8+
Kf6 32. Nd2 Rxb8 33. Rxb8 Rc7 34. Rd8 Rc1+ 35. Kh2 Nb4 36. a3 Nd5 37. Rf8+
Ke7 38. Ra8 Rc2 39. Ne4 Re2 40. Ra7+ Kf8 41. f3 Nf4 42. Ra8+ Ke7 43. Ra7+
Kd8 44. Rxa5 Rxg2+ 45. Kh1 Ra2 46. h4 Rb2 47. Kg1 Ne2+ 48. Kf2 Nd4+ 49. Ke3
Nf5+ 50. Kf4 Nxh4 51. Ra8+ Kd7 52. a4 g5+ 53. Kg4 Rg2+ 54. Kh5 Nxf3 55.
Kxh6 g4 56. Kh5 Ne5 57. Ra5 Rh2+ 58. Kg5 Nc6 59. Rb5 Ra2 60. Kxg4 Rxa4 61.
Rb7+ Kc8 62. Kf3 Rxe4 63. Rb6 Rc4 64. Ke3 Kd7 65. Rb1 e5 66. Rh1 Kd6 67.
Rh6+ Kd5 68. Rh5 Rc3+ 69. Kd2 Rg3 0-1

[Event "IEWCC"]
[Site "Istanbul TUR"]
[Date "2003.06.07"]
[Round "5"]
[White "Cedikova,K"]
[Black "Stjazhkina,O"]
[Result "1/2-1/2"]
[WhiteElo "2181"]
[BlackElo "2313"]
[EventDate "2003.06.02"]

1. d4 d5 2. c4 c6 3. Nc3 e5 4. dxe5 d4 5. Ne4 Qa5+ 6. Nd2 c5 7. g3 Nc6 8.
Ngf3 Nge7 9. Bg2 Ng6 10. O-O Ngxe5 11. Nxe5 Nxe5 12. b4 Qxb4 13. Rb1 Qa5
14. Nb3 Qc7 15. e3 dxe3 16. Bxe3 Be6 17. Nxc5 Bxc5 18. Rxb7 Qc8 19. Bxc5
Qxc5 20. Qa4+ Kf8 21. Rb5 Qxc4 22. Qa3+ Kg8 23. Rxe5 Rd8 24. Qxa7 Qxa2 25.
Qe7 Rf8 26. Rfe1 h5 27. Bh3 Rh6 28. Bxe6 fxe6 29. R5e2 Qd5 30. Rxe6 Qd4 31.
R1e3 Qd1+ 32. Kg2 Qd5+ 33. R3e4 Rf7 34. Qe8+ Rf8 35. Qe7 Rf7 36. Qe8+ Rf8
37. Qe7 Rf7 38. Qe8+ 1/2-1/2

[Event "IEWCC"]
[Site "Istanbul TUR"]
[Date "2003.06.07"]
[Round "5"]
[White "Muhren,B"]
[Black "Djingarova,E"]
[Result "0-1"]
[WhiteElo "2092"]
[BlackElo "2310"]
[EventDate "2003.06.02"]

1. e4 e5 2. Nf3 Nc6 3. Bc4 Nf6 4. d3 Be7 5. c3 O-O 6. Nbd2 d5 7. exd5 Nxd5
8. O-O Nf4 9. Ne4 Be6 10. Bb5 Ng6 11. Nfg5 Bd5 12. Bxc6 Bxc6 13. b4 h6 14.
Nf3 a5 15. bxa5 Rxa5 16. Re1 Qd5 17. Qe2 Rfa8 18. c4 Qd7 19. Rd1 Ba4 20.
Re1 Rd8 21. Bd2 Ra6 22. Rab1 Bc2 23. Rxb7 Bxd3 24. Qe3 Qc6 25. Rb3 Bxe4 26.
Qxe4 Qxe4 27. Rxe4 f5 28. Re2 e4 29. Be1 exf3 30. Rxf3 f4 31. g3 fxg3 32.
hxg3 Bf6 33. Rb3 Rda8 34. Kg2 Rxa2 35. Re6 R2a6 36. Re4 Rc6 37. f4 Kf7 38.
Rb4 Ne7 39. Kf3 Nf5 40. Bf2 Nd6 41. Re2 Rxc4 42. Rxc4 Nxc4 43. Rc2 Ra4 0-1

[Event "IEWCC"]
[Site "Istanbul TUR"]
[Date "2003.06.07"]
[Round "5"]
[White "Velikhanli,F"]
[Black "Blazkova,P"]
[Result "1-0"]
[WhiteElo "2305"]
[BlackElo "2218"]
[EventDate "2003.06.02"]

1. e4 e6 2. d4 c5 3. Nf3 cxd4 4. Nxd4 Nf6 5. Nc3 Nc6 6. Ndb5 d6 7. Bf4 e5
8. Bg5 a6 9. Na3 Be6 10. Nc4 Rc8 11. Bxf6 Qxf6 12. Ne3 g6 13. Ncd5 Qd8 14.
g3 Bg7 15. Bg2 O-O 16. O-O Ne7 17. c3 f5 18. exf5 gxf5 19. Nxe7+ Qxe7 20.
Bd5 Bxd5 21. Qxd5+ Kh8 22. Rad1 Rcd8 23. Qd3 Qe6 24. Qd5 Qe7 25. Qg2 Qf7
26. Nd5 f4 27. f3 fxg3 28. hxg3 Bh6 29. Qh3 Qg7 30. Rf2 Rg8 31. Kg2 Bf4 32.
Nxf4 exf4 33. g4 Qe5 34. Rd4 d5 35. Qh6 Rdf8 36. Kf1 Rf6 37. Rxd5 Qe6 38.
Qh5 Re8 39. Rdd2 Qe1+ 40. Kg2 Re5 41. Qh1 Qe3 42. Qd1 Rfe6 43. Rd8+ Re8 44.
Rxe8+ Rxe8 45. Qd6 Qe6 46. Qd2 Qb6 47. Qxf4 Re1 48. Qf8+ 1-0

[Event "IEWCC"]
[Site "Istanbul TUR"]
[Date "2003.06.07"]
[Round "5"]
[White "Mamedjarova,Z"]
[Black "Makropoulou,M"]
[Result "1-0"]
[WhiteElo "2298"]
[BlackElo "2234"]
[EventDate "2003.06.02"]

1. Nf3 d5 2. d4 Nf6 3. c4 c6 4. e3 a6 5. Nc3 b5 6. cxd5 cxd5 7. a4 b4 8.
Na2 e6 9. Bd2 a5 10. Bb5+ Bd7 11. Bd3 Bd6 12. O-O O-O 13. Ne5 Bxe5 14. dxe5
Ne4 15. Be1 Nc6 16. f4 Ne7 17. Nc1 f5 18. Bxe4 dxe4 19. Bh4 Qe8 20. Bxe7
Qxe7 21. Nb3 Bc6 22. Qe2 Bb7 23. Rfc1 Ba6 24. Qd1 Bd3 25. Rc6 Rfc8 26. Rac1
Qd7 27. Nd4 Rxc6 28. Rxc6 Rc8 29. Rxe6 Bc2 30. Qh5 Bxa4 31. Qxf5 Qc7 32.
Rd6 Qc1+ 33. Kf2 Qxb2+ 34. Kg3 Qc3 35. Qxe4 h6 36. Nf5 Qe1+ 37. Kh3 1-0

[Event "IEWCC"]
[Site "Istanbul TUR"]
[Date "2003.06.07"]
[Round "5"]
[White "Ciuksyte,D"]
[Black "Hagesaether,E"]
[Result "1-0"]
[WhiteElo "2375"]
[BlackElo "2166"]
[EventDate "2003.06.02"]

1. e4 d6 2. d4 Nf6 3. Nc3 g6 4. Bc4 Bg7 5. Qe2 Nc6 6. e5 Nd7 7. Nf3 Nb6 8.
Bb3 O-O 9. h3 Na5 10. O-O h6 11. Bf4 Nxb3 12. axb3 f6 13. e6 c6 14. g4 g5
15. Bd2 f5 16. gxf5 Rxf5 17. Rae1 Qf8 18. Kg2 Rf6 19. d5 cxd5 20. Nd4 Qe8
21. Kh1 Rf8 22. Ncb5 Qg6 23. Qg4 a6 24. Nc7 Rb8 25. Ba5 Rf4 26. Qg3 Bxd4
27. Bxb6 Qf5 28. Bxd4 Rxd4 29. f4 Rxf4 30. Rxf4 Qxf4 31. Qxf4 gxf4 32. Nxd5
f3 33. Kg1 Kg7 34. Nxe7 Kf6 35. Nd5+ Kf5 36. Nc7 Kf4 37. Kf2 b5 38. e7 Bd7
39. e8=Q Bxe8 40. Rxe8 Rb7 41. Nd5+ 1-0

[Event "IEWCC"]
[Site "Istanbul TUR"]
[Date "2003.06.07"]
[Round "5"]
[White "Shukurova,M"]
[Black "Pogonina,N"]
[Result "0-1"]
[WhiteElo "2250"]
[BlackElo "2347"]
[EventDate "2003.06.02"]

1. e4 c5 2. c3 g6 3. d4 cxd4 4. cxd4 d5 5. exd5 Nf6 6. Bb5+ Nbd7 7. Nc3 a6
8. Bxd7+ Qxd7 9. Nf3 Bg7 10. Ne5 Qd6 11. O-O O-O 12. Qf3 b5 13. Nc6 Bb7 14.
Bf4 Qd7 15. Rfe1 Rfe8 16. Bg5 Nxd5 17. Nxd5 Bxc6 18. Nxe7+ Qxe7 19. Bxe7
Bxf3 20. gxf3 Bxd4 21. Ba3 a5 22. Rxe8+ Rxe8 23. Rd1 Rd8 24. b4 axb4 25.
Bxb4 Bxf2+ 26. Kxf2 Rxd1 27. a3 f5 28. Ke2 Rd7 29. f4 Rd4 30. Kf3 Kf7 31.
Kg3 Ke6 32. Kf3 Kd5 33. Kg3 Kc4 0-1

[Event "IEWCC"]
[Site "Istanbul TUR"]
[Date "2003.06.07"]
[Round "5"]
[White "Milliet,S"]
[Black "Llaneza Vega,P"]
[Result "0-1"]
[WhiteElo "2240"]
[BlackElo "2294"]
[EventDate "2003.06.02"]

1. e4 c5 2. f4 Nc6 3. Nf3 g6 4. Bb5 Nd4 5. Bd3 Bg7 6. c3 Nc6 7. Bb5 Nf6 8.
d3 O-O 9. O-O Qb6 10. Bc4 Na5 11. e5 Ne8 12. Nbd2 Nc7 13. d4 cxd4 14. cxd4
Nxc4 15. Nxc4 Qb5 16. b3 Nd5 17. Bd2 b6 18. Qe1 Bb7 19. Qh4 f5 20. e6 d6
21. Rac1 Nf6 22. Ne3 Rac8 23. Ng5 Qd3 24. Rcd1 Qxd4 25. Bc1 Qc5 26. Kh1 Nh5
27. Nc4 b5 28. Ba3 Qc6 29. Ne3 Qc3 30. Rfe1 Bf6 31. Qf2 Qa5 32. Bc1 Qb6 33.
Nh3 Bd4 34. Rxd4 Qxd4 35. Bb2 Qd3 36. Ng5 b4 37. Rd1 Qb5 38. Nc4 Rxc4 39.
bxc4 Qxc4 40. Nf7 Rxf7 41. exf7+ Kxf7 42. Bd4 Qc6 43. Rg1 a5 44. Bb2 Qd5
45. Ba1 Qe4 46. Re1 Qxf4 47. Qe2 Be4 48. Qc4+ d5 49. Qd4 Qg4 50. Qf2 Nf4
51. Rg1 Nh3 52. Qd4 Nxg1 53. Qxg1 Qe2 0-1

[Event "IEWCC"]
[Site "Istanbul TUR"]
[Date "2003.06.07"]
[Round "5"]
[White "Yildiz,B"]
[Black "Calzetta,M"]
[Result "1/2-1/2"]
[WhiteElo "2119"]
[BlackElo "2253"]
[EventDate "2003.06.02"]

1. e4 c5 2. Nc3 Nc6 3. g3 g6 4. Bg2 Bg7 5. d3 d6 6. Be3 e5 7. Qd2 Nd4 8. f4
Ne7 9. Nf3 O-O 10. O-O exf4 11. Bxf4 Nxf3+ 12. Bxf3 Qb6 13. Rab1 Be6 14.
Bh6 Rad8 15. Bxg7 Kxg7 16. Kh1 f6 17. a3 d5 18. exd5 Nxd5 19. Ne4 Qc7 20.
Qf2 b6 21. Rbe1 Bc8 22. Re2 Bb7 23. Rfe1 Rd7 24. Bg2 Qd8 25. Nd2 Ne7 26.
Bxb7 Rxb7 27. Nf3 Nc6 28. Re6 Qd5 29. Kg1 Ne5 30. Nxe5 fxe5 31. Qg2 Qd4+
32. Kh1 Rbf7 33. R6xe5 Qxb2 34. Re7 Qxa3 35. Qe4 Qa2 36. Rf1 Rxe7 37. Qxe7+
Rf7 38. Qe5+ Kg8 39. Qe8+ Kg7 40. Qe5+ Kg8 41. Qe8+ Kg7 42. Qe5+ Kg8
1/2-1/2

[Event "IEWCC"]
[Site "Istanbul TUR"]
[Date "2003.06.07"]
[Round "5"]
[White "Genova,R"]
[Black "Mira,H"]
[Result "0-1"]
[WhiteElo "2239"]
[BlackElo "2126"]
[EventDate "2003.06.02"]

1. d4 Nf6 2. Nf3 e6 3. c4 b6 4. g3 Ba6 5. b3 Bb4+ 6. Bd2 Be7 7. Bg2 Bb7 8.
O-O O-O 9. Bc3 Ne4 10. Bb2 d6 11. Nfd2 f5 12. Qc2 d5 13. f3 Nxd2 14. Nxd2
c5 15. e3 Nd7 16. Kh1 Rc8 17. Rac1 Qe8 18. Rfe1 Qg6 19. f4 Nf6 20. Nf3 Bd6
21. Ne5 Bxe5 22. fxe5 Ne4 23. dxc5 dxc4 24. bxc4 Nxc5 25. Bxb7 Nxb7 26. Qa4
Nc5 27. Qc2 Rfd8 28. Red1 Qh5 29. Bd4 Ne4 30. Kg2 Rd7 31. Rf1 Rdc7 32. Qd3
Qe8 33. Rc2 Qc6 34. Kg1 b5 35. c5 a5 36. Rb1 Rb7 37. Qe2 b4 38. Qg2 Qd5 39.
Rbc1 Rbc7 40. g4 f4 41. Rf1 fxe3 42. Bxe3 Qxe5 43. Rc4 Nc3 44. Bf4 Ne2+ 45.
Kh1 Nxf4 46. Rcxf4 Qxc5 47. g5 Qc6 48. Re4 Qd5 49. g6 hxg6 50. Qxg6 Rc1 51.
Kg1 Rxf1+ 52. Kxf1 Rc1+ 53. Kf2 Qxa2+ 54. Ke3 Re1+ 55. Kd4 Qd5+ 0-1

[Event "IEWCC"]
[Site "Istanbul TUR"]
[Date "2003.06.07"]
[Round "5"]
[White "Cavusoglu,Y"]
[Black "Mar,K"]
[Result "1-0"]
[WhiteElo "2045"]
[BlackElo "2236"]
[EventDate "2003.06.02"]

1. d4 d5 2. Nf3 Nf6 3. c4 c6 4. e3 g6 5. Nc3 Bg7 6. Bd3 O-O 7. O-O Bg4 8.
h3 Bxf3 9. Qxf3 Qd6 10. Rd1 Nbd7 11. cxd5 cxd5 12. Qe2 Nb6 13. Bd2 a6 14.
Be1 Rac8 15. a3 Rc7 16. Na2 Nc4 17. Bxc4 Rxc4 18. Rac1 b5 19. Bb4 Qe6 20.
b3 Rcc8 21. Nc3 Rfe8 22. Qf3 Qd7 23. Bc5 Rc6 24. b4 Rd8 25. a4 bxa4 26.
Nxa4 Ne4 27. Nb6 Qe6 28. Na4 Qc8 29. Nb6 Qe6 30. Na4 Ng5 31. Qg4 Qxg4 32.
hxg4 Rdc8 33. Nb6 Rb8 34. Nxd5 Re6 35. Nxe7+ Kh8 36. Nd5 Ne4 37. Nf4 Rf6
38. Nd3 Bh6 39. Ra1 Re6 40. Ra3 Rc8 41. Rda1 Nf6 42. Rxa6 Nxg4 43. Rxe6
fxe6 44. b5 Nf6 45. b6 Rb8 46. Ra7 Ne8 47. Ne5 1-0

[Event "IEWCC"]
[Site "Istanbul TUR"]
[Date "2003.06.07"]
[Round "5"]
[White "Hlgatian,G"]
[Black "Jiretorn,E"]
[Result "1/2-1/2"]
[WhiteElo "2216"]
[BlackElo "2106"]
[EventDate "2003.06.02"]

1. e4 c5 2. Nf3 d6 3. d4 cxd4 4. Nxd4 Nf6 5. Nc3 g6 6. Be2 Bg7 7. O-O O-O
8. Be3 Nc6 9. Nb3 Be6 10. f4 Rc8 11. Kh1 a6 12. Bf3 Nd7 13. Nd4 Nxd4 14.
Bxd4 Bxd4 15. Qxd4 Qb6 16. Qxb6 Nxb6 17. e5 Bc4 18. Rfe1 dxe5 19. Rxe5 Rc7
20. a4 Be6 21. Re2 Rd8 22. Rg1 Nc4 23. Nd1 b6 24. Rf2 Rcd7 25. b3 Nd2 26.
Ne3 Rd4 27. g3 Kg7 28. Bg2 h5 29. a5 b5 30. Bb7 Bc8 31. Bg2 Be6 32. Bb7 Bc8
33. Bg2 Be6 1/2-1/2

[Event "IEWCC"]
[Site "Istanbul TUR"]
[Date "2003.06.07"]
[Round "5"]
[White "Sasu Ducsoara,An"]
[Black "Keskin,S"]
[Result "1/2-1/2"]
[WhiteElo "2193"]
[BlackElo "2023"]
[EventDate "2003.06.02"]

1. e4 c5 2. Nf3 e6 3. d4 cxd4 4. Nxd4 a6 5. Bd3 Qc7 6. O-O Nc6 7. Nxc6 bxc6
8. c4 Nf6 9. Nc3 Be7 10. f4 h5 11. Qe2 1/2-1/2

[Event "IEWCC"]
[Site "Istanbul TUR"]
[Date "2003.06.07"]
[Round "5"]
[White "Ozturk,K"]
[Black "Kopinits,A"]
[Result "1-0"]
[WhiteElo "1948"]
[BlackElo "2127"]
[EventDate "2003.06.02"]

1. e4 Nf6 2. e5 Nd5 3. d4 d6 4. Nf3 Bg4 5. Bc4 e6 6. c3 Nd7 7. Bxd5 exd5 8.
Bf4 dxe5 9. dxe5 c6 10. O-O Bc5 11. Nbd2 O-O 12. Qc2 f6 13. exf6 Qxf6 14.
Bg3 Bd6 15. c4 Bxg3 16. hxg3 dxc4 17. Qxc4+ Be6 18. Qc2 Bd5 19. Rfe1 Rae8
20. b3 Ne5 21. Rad1 Nxf3+ 22. Nxf3 Bxf3 23. gxf3 Qxf3 24. Qc4+ Kh8 25. Qc2
h6 26. Qd2 Rxe1+ 27. Rxe1 Qf6 28. Qe3 b6 29. Kg2 c5 30. Re2 Rd8 31. Qe4 Qd4
32. Qg6 Qd5+ 33. Kh2 Qd3 34. Re8+ Rxe8 35. Qxd3 Re6 36. Qd7 Rf6 37. Kg2 a5
38. f4 Kh7 39. Kf3 h5 40. Qd5 Rh6 41. Qf5+ Kg8 42. Qg5 Kf7 43. f5 Kf8 44.
Ke4 h4 45. gxh4 Kf7 46. Kd5 Kf8 47. Kc4 Kf7 48. Kd5 Kf8 49. Kc4 Kf7 50. Kb5
Kf8 51. a4 Kf7 52. h5 Rf6 53. Qg6+ Kf8 54. Qxf6+ 1-0

[Event "IEWCC"]
[Site "Istanbul TUR"]
[Date "2003.06.07"]
[Round "5"]
[White "Topel,Z"]
[Black "Seps,M"]
[Result "1-0"]
[WhiteElo "2092"]
[BlackElo "2095"]
[EventDate "2003.06.02"]

1. d4 d5 2. Nf3 Nf6 3. c4 c6 4. Nc3 a6 5. cxd5 cxd5 6. g3 Nc6 7. Bg2 e6 8.
O-O Be7 9. Re1 O-O 10. Ne5 Nxe5 11. dxe5 Nd7 12. f4 Nb6 13. Kh1 Bb4 14. Qd4
Bxc3 15. bxc3 Bd7 16. Rb1 Bb5 17. Ba3 Re8 18. Qf2 Na4 19. c4 dxc4 20. Bxb7
Nc3 21. Rbc1 Rb8 22. Bg2 Qa5 23. Bd6 Rbc8 24. a3 Na4 25. g4 Bc6 26. Bxc6
Rxc6 27. f5 c3 28. f6 Rc4 29. e4 Qb5 30. Qf4 gxf6 31. Qh6 fxe5 32. Qg5+ 1-0

[Event "IEWCC"]
[Site "Istanbul TUR"]
[Date "2003.06.07"]
[Round "5"]
[White "Cinar,N"]
[Black "Nagel,Y"]
[Result "1-0"]
[WhiteElo "2090"]
[BlackElo "2068"]
[EventDate "2003.06.02"]

1. e4 c5 2. Nf3 e6 3. d4 cxd4 4. Nxd4 Nf6 5. Nc3 Bb4 6. Bd3 d5 7. exd5 Nxd5
8. Bd2 Nxc3 9. bxc3 Be7 10. O-O Nd7 11. Re1 Nc5 12. Qg4 Nxd3 13. cxd3 O-O
14. Re3 g6 15. Qe2 Bf6 16. Re4 b6 17. Bh6 Re8 18. Re1 Bb7 19. Rg4 Qd5 20.
Qd2 Rad8 21. Qf4 Bg7 22. Bxg7 Kxg7 23. Re5 Qxa2 24. h4 Rd5 25. h5 Qa1+ 26.
Kh2 Qa5 27. h6+ Kf8 28. Nxe6+ Rxe6 29. Rxe6 Qxc3 30. Re3 Qc5 31. Qa4 b5 32.
Qa1 Qd6+ 33. Kg1 f6 34. Rge4 Bc6 35. Re6 1-0

[Event "IEWCC"]
[Site "Istanbul TUR"]
[Date "2003.06.08"]
[Round "6"]
[White "Cramling,P"]
[Black "Socko,M"]
[Result "1-0"]
[WhiteElo "2470"]
[BlackElo "2381"]
[EventDate "2003.06.02"]

1. d4 Nf6 2. Nf3 g6 3. g3 Bg7 4. Bg2 O-O 5. O-O d6 6. a4 a5 7. c3 Na6 8.
Re1 c5 9. d5 Rb8 10. Na3 Nc7 11. e4 b6 12. Nd2 Bg4 13. Qc2 Qd7 14. Ndc4 Bh3
15. Bxh3 Qxh3 16. f3 Nfe8 17. Qg2 Qd7 18. Nc2 e5 19. f4 f5 20. fxe5 Bxe5
21. Nxe5 dxe5 22. exf5 Rxf5 23. Ne3 Rf7 24. Nc4 Qxd5 25. Nxe5 Re7 26. Qxd5+
Nxd5 27. Bg5 Ndf6 28. Nc4 Rxe1+ 29. Rxe1 Kf7 30. Kg2 Nd5 31. Re5 Ndf6 32.
Kf3 Ng8 33. Bf4 Ngf6 34. Rxc5 Rb7 35. Rb5 Nd7 36. Nxa5 Ra7 37. Nc4 Rxa4 38.
Nxb6 Nxb6 39. Rxb6 Nf6 40. h3 h5 41. Be3 Nd7 42. Rb7 Ke6 43. Bd4 Ra2 44. b4
Ra3 45. Rc7 Kd6 46. Rc8 Ke7 47. Kf4 Kf7 48. Rc7 1-0

[Event "IEWCC"]
[Site "Istanbul TUR"]
[Date "2003.06.08"]
[Round "6"]
[White "Matveeva,S"]
[Black "Danielian,E"]
[Result "1-0"]
[WhiteElo "2474"]
[BlackElo "2386"]
[EventDate "2003.06.02"]

1. d4 d5 2. c4 c6 3. Nc3 dxc4 4. e4 b5 5. a4 b4 6. Nb1 e6 7. Bxc4 Nf6 8. f3
c5 9. Ne2 Nc6 10. Be3 Qb6 11. a5 Qc7 12. Nd2 cxd4 13. Nxd4 Nxd4 14. Bxd4
Bd6 15. Rc1 Qb8 16. Qe2 Bxh2 17. e5 Bg3+ 18. Kf1 Nd7 19. Bb5 Bf4 20. Bc6
Bb7 21. Bxd7+ Kxd7 22. Rh4 g5 23. Rxf4 gxf4 24. Qb5+ Kd8 25. Bf2 f6 26. Bh4
Rf8 27. Bxf6+ Rxf6 28. exf6 Bd5 29. Qc4 1-0

[Event "IEWCC"]
[Site "Istanbul TUR"]
[Date "2003.06.08"]
[Round "6"]
[White "Khurtsidze,N"]
[Black "Matnadze,A"]
[Result "1/2-1/2"]
[WhiteElo "2427"]
[BlackElo "2386"]
[EventDate "2003.06.02"]

1. d4 Nf6 2. c4 e6 3. Nc3 Bb4 4. e3 Nc6 5. Nge2 d5 6. a3 Be7 7. cxd5 exd5
8. Nf4 Bf5 9. Be2 g5 10. Nd3 h5 11. Ne5 Kf8 12. O-O Be6 13. b4 Bd6 14. Bb2
Ng4 15. h3 Nf6 16. f3 a5 17. Nxc6 bxc6 18. e4 Bf4 19. e5 Ne8 20. b5 Ng7 21.
bxc6 Be3+ 22. Kh2 Nf5 23. Nb5 Bf4+ 24. Kg1 Be3+ 25. Kh2 Bf4+ 26. Kg1 Ne3
27. Qb3 Nxf1 28. Rxf1 Qc8 29. a4 Kg7 30. Bc1 Bxc1 31. Rxc1 Qd8 32. Qe3 Rh6
33. Bd3 Qe7 34. f4 gxf4 35. Qxf4 Rhh8 36. Rf1 Rac8 37. Rf3 h4 38. Bf5 Rh5
39. Bg4 Rh6 40. Nd6 cxd6 41. exd6 Qf6 42. Qe3 Qd8 43. Qe5+ Kg8 44. Qf4 Bxg4
45. Qxg4+ Rg6 46. c7 Rxg4 47. cxd8=Q+ Rxd8 48. hxg4 Rxd6 49. Rf5 Kf8 50.
Kh2 Ke7 51. g5 Rc6 52. Rxd5 Rc4 53. Rxa5 Rxd4 54. Kh3 Kf8 55. Ra6 Kg7 56.
g3 hxg3 57. Kxg3 Rb4 58. Kf3 Rc4 59. Ra5 Kg6 60. Ke3 Rb4 61. Kd3 Rh4 62.
Kc3 Rf4 63. Kb3 Rf3+ 64. Kb4 Rf4+ 65. Kb5 Kxg5 66. Ra8 Rf1 67. a5 f5 68. a6
Rb1+ 69. Kc6 1/2-1/2

[Event "IEWCC"]
[Site "Istanbul TUR"]
[Date "2003.06.08"]
[Round "6"]
[White "Prudnikova,S"]
[Black "Polovnikova,E"]
[Result "1/2-1/2"]
[WhiteElo "2426"]
[BlackElo "2383"]
[EventDate "2003.06.02"]

1. e4 e5 2. Nf3 Nc6 3. d4 exd4 4. Nxd4 Bc5 5. Nxc6 Qf6 6. Qd2 dxc6 7. Nc3
Bd7 8. Bc4 O-O-O 9. Qf4 Bb4 10. Qxf6 Nxf6 11. f3 Rhe8 12. O-O Be6 13. Bxe6+
Rxe6 14. Ne2 Bc5+ 15. Kh1 h6 16. Rb1 a5 17. Nf4 Ree8 18. Nd3 Bd4 19. Bd2 a4
20. Rfd1 b5 21. Be1 c5 22. Bf2 c4 23. Bxd4 Rxd4 24. Nf2 Red8 25. Rxd4 Rxd4
26. Rd1 Rxd1+ 27. Nxd1 Nd7 28. Kg1 Kb7 29. Kf2 c5 30. Nc3 Kc6 31. Nd5 b4
32. Ke3 Ne5 33. h3 g5 34. f4 gxf4+ 35. Kxf4 Ng6+ 36. Kf5 Nh4+ 37. Kf6 Nxg2
38. Kxf7 Ne1 39. Ne3 Nxc2 40. Nxc2 a3 41. b3 cxb3 42. axb3 c4 43. Nxb4+ Kc5
44. Nc2 cxb3 45. Nxa3 Kd4 46. Kg6 Kxe4 47. Kxh6 Kf5 48. h4 b2 49. h5 Kf6
50. Nb1 Kf7 51. Nc3 1/2-1/2

[Event "IEWCC"]
[Site "Istanbul TUR"]
[Date "2003.06.08"]
[Round "6"]
[White "Ionescu Brandis,I"]
[Black "Vasilevich,T"]
[Result "1/2-1/2"]
[WhiteElo "2366"]
[BlackElo "2410"]
[EventDate "2003.06.02"]

1. e4 c5 2. Nf3 e6 3. d3 d5 4. Nbd2 Bd6 5. g3 Nc6 6. Bg2 Nge7 7. O-O O-O 8.
Nh4 Bd7 9. f4 f6 10. c3 b5 11. Re1 Qb8 12. Ndf3 Rd8 13. Qe2 dxe4 14. Qxe4
Re8 15. Bh3 f5 16. Qe2 Nd5 17. Ne5 Nxe5 18. fxe5 Be7 19. Ng2 Bc6 20. Nf4
Nxf4 21. gxf4 Qb7 22. Bg2 Bxg2 23. Qxg2 Qxg2+ 24. Kxg2 Red8 25. Rd1 Rd7 26.
Be3 Rad8 27. d4 c4 1/2-1/2

[Event "IEWCC"]
[Site "Istanbul TUR"]
[Date "2003.06.08"]
[Round "6"]
[White "Peng Zhaoqin"]
[Black "Motoc,A"]
[Result "1/2-1/2"]
[WhiteElo "2433"]
[BlackElo "2358"]
[EventDate "2003.06.02"]

1. d4 Nf6 2. c4 g6 3. Nc3 Bg7 4. e4 d6 5. f4 O-O 6. Nf3 c5 7. d5 e6 8. Be2
exd5 9. cxd5 Nbd7 10. O-O Re8 11. Nd2 c4 12. Kh1 Nc5 13. e5 dxe5 14. fxe5
Rxe5 15. Nxc4 Rf5 16. Bf3 Ng4 17. Ne3 Nxh2 18. Kxh2 Qh4+ 19. Kg1 Be5 20.
Ng4 Rxf3 21. Nxe5 Rh3 22. gxh3 1/2-1/2

[Event "IEWCC"]
[Site "Istanbul TUR"]
[Date "2003.06.08"]
[Round "6"]
[White "Zielinska,Mar"]
[Black "Agababean,N"]
[Result "1-0"]
[WhiteElo "2430"]
[BlackElo "2319"]
[EventDate "2003.06.02"]

1. d4 d5 2. Nf3 c6 3. e3 Bf5 4. Bd3 Bxd3 5. Qxd3 Nf6 6. Nbd2 e6 7. b3 Nbd7
8. Bb2 Be7 9. O-O O-O 10. Rfd1 a5 11. a3 a4 12. b4 b5 13. Ne5 Qc7 14. f4
Bd6 15. Rf1 Ne8 16. g4 f5 17. Ndf3 Be7 18. Rf2 Nd6 19. Rg2 Ne4 20. Kf1 Bd6
21. gxf5 Rxf5 22. Ke2 Bxe5 23. dxe5 c5 24. Rag1 Rf7 25. f5 c4 26. Qd4 Rxf5
27. Rxg7+ Kh8 28. Ng5 Rxg5 29. R1xg5 Nxg5 30. Rxg5 Rg8 31. Rxg8+ Kxg8 32.
Qg4+ Kf7 33. Qh5+ Kg7 34. Qg5+ Kf7 35. Qh5+ Kg7 36. Bd4 Qc8 37. Qg5+ Kf7
38. h4 Qf8 39. Qf4+ Ke7 40. Kd2 Qf7 41. Kc3 Nf8 42. Qg3 Qg6 43. Qf3 Qf5 44.
Qg3 Qg6 45. Qh2 h5 46. Qf4 Qf5 47. Qh6 Qg6 48. Qh8 Kf7 49. Bc5 Nd7 50. Qd8
Nxc5 51. bxc5 Qf5 52. Qd7+ Kf8 53. Qd8+ Kf7 54. Qf6+ Qxf6 55. exf6 Kxf6 56.
Kb4 Ke7 57. Kxb5 Kd7 58. Kb6 e5 59. Kb7 d4 60. c6+ Kd6 61. exd4 1-0